| 000 | 00650nam a2200229 a 4500 | ||
|---|---|---|---|
| 999 |
_c2001 _d2001 |
||
| 001 | 2001 | ||
| 003 | BD-JhCC | ||
| 005 | 20171028124201.0 | ||
| 008 | 171028s2007 bg |||| ||a| 000 0 ben d | ||
| 020 | _a9844121320 | ||
| 035 | _a(BD-JhCC) 2001 | ||
| 040 |
_aBD-JhCC _dBD-JhCC |
||
| 041 | _aben | ||
| 082 |
_a954.92 _bSHA 2007 |
||
| 100 | _aশরীফ, আহমেদ | ||
| 245 |
_aবাঙলা বাঙালী ও বাঙালীত্ব / _c আহমেদ শরীফ |
||
| 260 |
_aঢাকা : _bঅনন্যা , _c2007 |
||
| 300 |
_a230 p .: _c22 cm . |
||
| 650 | _aBengali Culture | ||
| 942 |
_2ddc _cBK |
||